00345 a2200097 4500001001000000005001700010008004100027245009800068100002300166773005800189ART_1822920260410161658.0260409a 10aImprocedencia de la aplicación de sanciones sobre el Impuesto a las salidas no documentadas1 aODonnell, Agustina0 tPráctica profesionalg- Nº 180 (dic. 2012)wREV542